Taylor Swift mystery lyrics #10 - Statistics

General Stats
  • This quiz has been taken 126 times
    114 since last reset
  • The average score is 202 of 281
Answer Stats
Answer % Correct
I
99%
you
97%
You
97%
an
93%
the
92%
is
91%
it
91%
me
90%
your
89%
and
86%
And
86%
my
86%
In
84%
in
84%
to
83%
I'm
82%
time
82%
go
81%
of
81%
This
81%
this
81%
No
80%
no
80%
when
78%
all
76%
All
76%
for
76%
like
76%
it's
74%
just
74%
Just
74%
last
74%
Last
74%
there
74%
why
74%
wear
73%
but
72%
at
70%
was
69%
not
67%
I've
64%
they
64%
Oh
61%
say
60%
got
59%
how
59%
eye
58%
times
58%
heart
56%
mine
56%
let
53%
tell
53%
those
53%
been
52%
before
52%
door
52%
asking
51%
right
49%
best
48%
blink
48%
list
48%
Put
48%
break
47%
eyes
47%
Find
47%
find
47%
name
47%
everything
45%
Everything
45%
leave
45%
top
45%
myself
44%
again
43%
sure
43%
won't
43%
come
42%
watch
41%
wrong
41%
alone
40%
back
40%
apology
38%
better
36%
along
35%
feels
35%
lead
35%
roads
34%
room
34%
anymore
33%
yourself
33%
into
32%
reasons
32%
breaking
30%
hurt
30%
open
30%
home
26%
nowhere
24%
past
24%
Disappear
23%
hide
20%
aching
14%
fast
9%
Run
9%
No matching quizzes found
Score Distribution
Percent of People with Each Score
Percentile by Number Answered
Your Score History
You have not taken this quiz since the last reset